LEADER 01428nam0-22004091i-450- 001 990005541650203316 005 20070514120000.0 035 $a000554165 035 $aUSA01000554165 035 $a(ALEPH)000554165USA01 035 $a000554165 100 $a20051129d2007-------|0enac50------ba 101 $aeng 102 $aGB 105 $a|||| ||||| 200 1 $aAdvances in statistical methods for the health sciences$eapplications to cancer and AIDS studies, genome sequence analysis, and survival analysis$fJean-Louis Auget ... [et al.] editors 210 $aBoston$cBirkhauser$dc2007 215 $aXL, 540 p.$d26 cm 225 2$aStatistics for industry and technology 410 1$12001$aStatistics for industry and technology 606 $aRicerca medica$xMetodi statistici$2FI 620 $dBoston 676 $a610.724$cMedicina. Ricerca sperimentale$v21 702 1$aAUGET,$bJean-Louis 712 $aBirkhauser 801 $aIT$bSOL$c20120104 912 $a990005541650203316 950 $aDIP.TO SCIENZE ECONOMICHE - (SA)$dDS 600 610.724 AUG$e13169 DISES 951 $aDIP.TO SCIENZE ECONOMICHE - (SA)$bDS2005 1F 20051129 951 $a600 610.724 AUG$b13169 DISES 959 $aBK 969 $aDISES 979 $c20121027$lUSA01$h1533 979 $c20121027$lUSA01$h1613 996 $aAdvances in statistical methods for the health sciences$91130713 997 $aUNISA NUM $aUSA16534 LEADER 01780nam 2200373 n 450 001 996392866003316 005 20200824121727.0 035 $a(CKB)4940000000110236 035 $a(EEBO)2240952698 035 $a(UnM)99866405e 035 $a(UnM)99866405 035 $a(EXLCZ)994940000000110236 100 $a19940404d1654 uy | 101 0 $aeng 135 $aurbn||||a|bb| 200 14$aThe doctrine of the bodies fragility$b[electronic resource] $ewith a divine project, discovering how to make these vile bodies of ours glorious by getting gracious souls. Represented in a sermon preached at Martins Ludgate at the funerall of that worthy and reverend minister of Jesus Christ, Dr. Samuel Bolton, Master of Christ College in Cambridge, who died the 15 of Octob. 1654. and was buried the 19 day of the same month. /$fBy that painfull and pious minister of Gods Word Mr. Edmund Calamy, B.D 210 $aLondon, $cPrinted for Joseph Moore over aginst the Pump in Little-Britain, and are to be sold at Westminster, and in Pauls Church-yard$d1655. [i.e. 1654] 215 $a[4], 19, [1] p 300 $aActual publication date inferred from date in title and Thomason annotation. 300 $aAn expanded version was published in 1655 as: The saints transfiguration. 300 $aAnnotation on Thomason copy: "Nouemb: 2d". 300 $aReproduction of the original in the British Library. 330 $aeebo-0018 606 $aFuneral sermons$y17th century 615 0$aFuneral sermons 700 $aCalamy$b Edmund$f1600-1666.$01002065 801 0$bCu-RivES 801 1$bCu-RivES 801 2$bCStRLIN 801 2$bWaOLN 906 $aBOOK 912 $a996392866003316 996 $aThe doctrine of the bodies fragility$92359500 997 $aUNISA LEADER 04079nam 2200589 450 001 9910795107603321 005 20220522143154.0 010 $a3-8498-1424-6 035 $a(CKB)4930000000057275 035 $a(Au-PeEL)EBL6269069 035 $a(OCoLC)1181849328 035 $a5c9b5a4f-67f8-431b-8cb3-5a73b0dd2d03 035 $a(MiAaPQ)EBC6269069 035 $a(EXLCZ)994930000000057275 100 $a20220522d2019 uy 0 101 0 $ager 135 $aurcnu|||||||| 181 $ctxt$2rdacontent 182 $cc$2rdamedia 183 $acr$2rdacarrier 200 00$aTransgression und Intermedialita?t $edie Texte von Kurt Schwitters /$fWalter Delabar, Ursula Kocher, Isabel Schulz (Hgg.) 205 $a1st ed. 210 1$aBielefeld :$cAisthesis Verlag,$d[2019] 210 4$d©2019 215 $a1 online resource (373 pages) 225 1 $aModerne-Studien ;$vBand 20 300 $aPublicationDate: 20160101 311 $a3-8498-1120-4 327 $aFrontcover -- Titel -- Impressum -- Inhalt -- Walter Delabar, Ursula Kocher, Isabel Schulz: Zur Einleitung -- Walter Delabar: In die Extreme -- Walter Fa?hnders: "Ich fordere sofortige Beseitigung aller U?belsta?nde" -- Barbara Lindlar: PIN - eine moderne Kunstzeitschrift? -- Birgit Nu?bel: Metatextualita?t und Moderne: Robert Musil und Kurt Schwitters -- Hubert van den Berg: "Worte gegen Worte" -- Ursula Kocher: Kartierung virtueller Ra?ume -- Julia Nantke: Die »Horizontale Geschichte« -- Antje Wulff: "Ein zartes Gewebe von Fa?den" -- Ralf Burmeister: Merz im Selbstportra?t - oder: "Wie ein bu?rgerlicher Kopf durch einfache Mittel zur schwebenden Architektur wurde" -- Abbildungsteil -- Sigrid Franz: Fragmentierung und Immaterialita?t als Vernetzungsprinzipien im Werk von Kurt Schwitters -- Tobias Wilke: Mama - Papa - Dada -- Petra Kunzelmann: Text und Rhythmus -- Isabel Schulz: Warum Schwitters neu edieren? -- Michael White: What's Merz in English? -- Oliver Ruf: Aporetik des U?bergangs -- Thomas Keith: Die Alphabet-Gedichte von Kurt Schwitters: Tradition, Avantgarde, Intermedialita?t -- Christoph Kleinschmidt: Intermateriales Theater -- Bettina Ku?mmerling-Meibauer: Avantgarde im Bilderbuch -- Christian A. Bachmann: Ob die Scheuche einen Namen hat? -- Verzeichnis der Abbildungen -- Zu den Beitra?gerinnen und Beitra?gern -- Backcover. 330 $aLong description: Kurt Schwitters (1887?1948) gehört zu den Protagonisten der Avantgarden nach dem Ersten Weltkrieg. Obwohl sein bildkünstlerisches Werk mittlerweile kanonisiert ist und seine literarischen Texte seit über dreißig Jahren in einer Leseausgabe ediert vorliegen, stagniert die literaturwissenschaftliche Forschung zu Schwitters seit Längerem. Die Beiträge des Bandes nehmen die notwendige Diskussion um den Status und die Wirkung der Avantgarden und der Moderne zu Schwitters? Zeit auf. Sie verbinden diese Diskussion mit den bisher weitgehend unbekannten Materialien, die durch die im Jahr 2010 gestartete Neuedition von Schwitters? Texten der wissenschaftlichen Öffentlichkeit erstmalig zugänglich gemacht werden. Hinzu kommt die Intensivierung der Schwitters- und Avantgarde-Forschung unter literaturwissenschaftlichen Gesichtspunkten, die aktuelle kultur-, kunst- und medienwissenschaftliche Perspektiven berücksichtigt. Die Beiträge gehen auf eine Tagung im Sprengel Museum Hannover 2011 zurück. 410 0$aModerne-Studien (Bielefeld, Germany) ;$vBand 20. 606 $aAvantgarde 606 $aExperimentelle Literatur 606 $aDada 606 $aSchwitters, Kurt 606 $aMerzkunst 615 00$aAvantgarde 615 00$aExperimentelle Literatur 615 00$aDada 615 00$aSchwitters, Kurt 615 00$aMerzkunst 676 $a709.2 702 $aDelabar$b Walter 702 $aKocher$b Ursula$f1968- 702 $aSchulz$b Isabel 801 0$bMiAaPQ 801 1$bMiAaPQ 801 2$bMiAaPQ 906 $aBOOK 912 $a9910795107603321 996 $aTransgression und Intermedialita?t$93784529 997 $aUNINA